Pokémon Introuvables dans Cristal - Statistiques

Statistiques générales
  • Ce quiz a été pris 40 fois
    28 depuis la dernière actualisation
  • Le résultat moyen est 22 sur 29
Statistiques - réponses
Génération Réponse % Correct
Carabaffe
100%
Carapuce
100%
Artikodin
94%
1 Bulbizarre
94%
Dracaufeu
94%
Électhor
94%
Florizarre
94%
Herbizarre
94%
Mew
94%
Mewtwo
94%
Reptincel
94%
Salamèche
94%
Sulfura
94%
Tortank
94%
Celebi
81%
Amonistar
69%
Amonita
69%
Colossinge
69%
Feunard
69%
Goupix
69%
Kabuto
69%
Kabutops
69%
Férosinge
63%
Lainergie
63%
Pharamp
63%
2 Wattouat
63%
Octillery
31%
Rémoraid
31%
Girafarig
25%
Aucun quiz correspondant
Distribution des résultats
% des personnes avec chaque résultat
Percentile par nombre de réponses
Votre historique - résultats
Vous n’avez pas pris ce quiz depuis la dernière actualisation